Т. 55, № 9; Известия вузов. Физика

Bibliographic Details
Parent link:Известия вузов. Физика/ Министерство общего и профессионального образования Российской Федерации ; Томский Госуниверситет. Т. 55, № 9.— , 1958-
Language:Russian
Published: 2012
Format: Book
KOHA link:https://koha.lib.tpu.ru/cgi-bin/koha/opac-detail.pl?biblionumber=489728

MARC

LEADER 00000nam2a2200000 4500
001 489728
005 20231101095557.0
035 |a (RuTPU)RU\TPU\prd\158605 
090 |a 489728 
100 |a 20121112a19589999k y0rusy50 ca 
101 0 |a rus 
102 |a RU 
200 0 |a Т. 55, № 9 
210 |d 2012 
461 1 |0 (RuTPU)RU\TPU\prd\191  |t Известия вузов. Физика  |f Министерство общего и профессионального образования Российской Федерации ; Томский Госуниверситет  |v Т. 55, № 9  |d 1958- 
801 0 |a RU  |b 63413507  |c 20010227  |g PSBO 
801 1 |a RU  |b 63413507  |c 20121112 
801 2 |a RU  |b 63413507  |c 20201215  |g RCR 
942 |c BK 
999 |a НТБ_ТПУ  |b НФ  |e -1/20120110  |p П-6307п  |s 2/20120425  |u 0,00  |v 1